00775nam a22001937a 4500003000900000008004100009040007100050082001500121100001900136245012000155260003500275300002800310505012100338650003100459650002300490650002400513700002400537700002000561AR-CdUCM190508b ||||| |||| 00| 0 spa d aMUNICIPALIDAD PROVINCIAL DEL CUSCOcBIBLIOTECA MUNICIPAL DEL CUSCO a711 /bP77 aPopenoe, David aLa frontera urbano industrial :bEnsayos sobre las tendencias y metas institucionales en las comunidades modernas / aBuenos Aires :bEdisar,c1976. a247 páginas ;c25 cm. aContenido : Complejidad urbano industrial -- Iglesia y la condición urbana -- Metas urbanas -- Crecimiento urbano. aTendencias institucionales aEconomía moderna aTecnología urbana aNaftalin, Arthur T. aLong, Norton E.